Capitalismo periférico y crisis: esbozo de una crítica a la interpretación de Raúl Prebisch (Fotocopia parcial)
Guardado en:
| Autor principal: | |
|---|---|
| Formato: | Texto |
| Publicado: |
s.l.:
s.e.
|
| Etiquetas: |
Agregar Etiqueta
Sin Etiquetas, Sea el primero en etiquetar este registro!
|
MARC
| LEADER | 00000 a a2200000 04500 | ||
|---|---|---|---|
| 001 | 23690 | ||
| 003 | |||
| 040 | |||
| 090 | |a 165800 | ||
| 100 | |a Caputo, Orlando | ||
| 245 | |a Capitalismo periférico y crisis: esbozo de una crítica a la interpretación de Raúl Prebisch (Fotocopia parcial) | ||
| 260 | |a s.l.: |b s.e. | ||
| 300 | |a pp. 571-595; 2, 1 copias | ||
| 999 | |c 10085 |d 10085 | ||
